000
00334nam a22001457a 4500
020
_a
978-1-292-01954-3
082
_a
657
100
_a
Kemp, Robert
245
_a
Financial Accounting
250
_a
3rd
260
_a
Harlow:
_b
Pearson Education,
_c
2015.
300
_a
757p.: ill.; 28cm
700
_a
Waybriht, Jeffrey
942
_c
BK
999
_c
22129
_d
22129